Fame is a gun- Addison Rae lyrics - Statistics

General Stats
  • This quiz has been taken 143 times
  • The average score is 258 of 311
Answer Stats
Hint Answer % Correct
a
100%
I
99%
you
99%
You
99%
is
97%
Chorus Fame
96%
my
96%
gun
95%
it
95%
It
95%
me
95%
and
94%
And
94%
the
93%
am
92%
of
92%
go
91%
no
91%
do
89%
in
89%
when
89%
taste
88%
who
88%
as
87%
As
87%
got
87%
life
87%
(Life)
87%
more
87%
questions
87%
Verse 1 Tell
87%
to
87%
want
87%
Don't
86%
many
86%
point
86%
glamorous
85%
Post-Chorus Glamorous
85%
ask
84%
too
84%
with
84%
innocence
82%
that
82%
blind
81%
(Blind)
81%
girl
80%
make
79%
not
78%
swallow
78%
tone
78%
I'm
77%
one
77%
baby
75%
makes
75%
your
75%
dry
74%
(Dry)
74%
provoke
74%
(Dry)
73%
front
73%
Love
72%
row
72%
always
71%
seat
71%
but
69%
can't
69%
dream
69%
this
69%
type
68%
you're
68%
wanted
67%
suggestion
66%
broken
65%
deny
65%
(Deny)
65%
was
65%
drug
64%
for
64%
from
64%
heart
64%
Knew
64%
start
64%
feel
63%
appeal
62%
history
62%
Bridge (2x) Nothing
62%
only
61%
real
61%
know
60%
live
60%
confession
59%
good
59%
way
59%
enough
58%
keep
58%
by
57%
never
57%
being
56%
down
56%
Crash
55%
gonna
53%
mend
53%
Verse 2 There's
53%
loved
51%
permission
49%
burn
47%
gave
46%
God
46%
mystery
46%
shame
22%
No matching quizzes found
Score Distribution
Percent of People with Each Score
Percentile by Number Answered
Your Score History
You have not taken this quiz